Widok standardowy
Widok MARC
Pozycja Personal Name
Liczba rekordów, w których użyto hasła: 1
001 - Numer kontrolny
- control field: 41006
003 - Identyfikator numeru kontrolnego
- control field: NUKAT
005 - Data i czas ostatniej modyfikacji
- control field: 20260430122503.0
008 - Dane kontrolne kodowane (40 znaków)
- fixed length control field: 190225n||a|znnaabn |a aaa |c
010 ## - Numer kontrolny Biblioteki Kongresu
- numer kontrolny LC: n 2019062296
040 ## - Instytucja sporządzająca rekord
- inst. przygot. dane do rek. khw: GD U/MJ
- język haseł przedmiotowych/tezaurus: kaba
- inst. wprow. rek. khw: GD U/MJ
100 1# - Hasło - nazwa osobowa
- nazwa osobowa w formie ujednoliconej: Sywula, Michał.
670 ## - Źródło informacji
- źródło informacji: Milicja Obywatelska w województwie gdańskim w latach 1945-1949 / Michał Sywula. - Gdańsk, 2018.
- gdzie znaleziono informację: Praca doktorska
670 ## - Źródło informacji
- źródło informacji: OPI online